| 000 | 006360000a22001810004500 | ||
|---|---|---|---|
| 003 | MACL | ||
| 005 | 20160607140128.0 | ||
| 008 | 160607b xxu||||| |||| 00| 0 eng d | ||
| 040 |
_aMACL _cMACL |
||
| 041 | _aHindi | ||
| 082 | _a920 | ||
| 100 |
_aवांदिवडेकर, चंद्रकांत _962668 |
||
| 245 |
_aसंत ज्ञानेश्वर _bजीवन और कार्य _cचंदकांत वांदिवडेकर |
||
| 260 |
_bस्वर्ण जयन्ती _c2003 _aदिल्ली |
||
| 350 | _a300 | ||
| 650 |
_aAutobiography _962669 |
||
| 942 |
_cHIN _k920 _2ddc |
||
| 999 |
_c9931 _d9931 |
||